Statistics for Medal Table Summer Olympics - Diving

Click here to take the quiz!

General Stats

  • This quiz has been taken 41 times
  • The average score is 17 of 22

Answer Stats

GoldSilverBronzeTotalCountries% Correct
494847144United States
100%
47241081China
95%
281525Germany
95%
23813Great Britain
95%
3104Unified Team of Germany
95%
16815Canada
92%
17816Mexico
92%
48618Russia
92%
0011Russian Olympic Committee
92%
33915Australia
89%
0101France
89%
68721Sweden
87%
35311Italy
84%
0022Ukraine
76%
44614Soviet Union
71%
1012Denmark
61%
2237East Germany
55%
1001Greece
55%
0112Malaysia
50%
1102Czechoslovakia
37%
0112Egypt
37%
0213Unified Team
18%

Score Distribution

Percentile by Number Answered

Percent of People with Each Score

Your Score History

You have not taken this quiz